000 00602nam a22001697a 4500
005 20251108165253.0
008 250721s1997 xx 000 0 ara d
082 1 4 _a332.6/صيا
100 1 _aصيام، أحمد زكريا
245 1 0 _aمبادئ الإستثمار /
264 1 _aعمان :
_bدار المناهج للنشر والتوزيع،
_c1997.
300 _a161ص
500 _aكتاب أبو علندا الذي يحمل رقم باركود pld00059800 له رقم متسلسل وهو 494لكنه مكرر
650 1 7 _aالإستثمارات
942 _2ddc
_cBK
999 _c23727
_d23727